000 00612cab a2200205 4500
001 X3664
008 090401t1996 xxu||||| |||| 00| 0 eng d
035 _a(Sirsi) u31952
041 _aeng
100 _aBurdett, B.
245 _aBe prepared to reduce the risk (recruitment)
260 _c1996
350 _a0
490 _aCSM (Chartered Surveyor Monthly)
_v5(9) June 1996, 42(1)
520 _aExplains how to avoid recruitment pitfalls and the cost of poor recruitment.
650 _aRECRUITMENT
690 _aMANAGEMENT-BUSINESS MANAGEMENT-PROFESSIONAL PRACTICE
942 _n0
948 _c04/03/1997
999 _c21441
_d21441